000
00262nam a2200097Ia 4500
001
1227696
005
20250827093028.0
008
250824s9999 xx 000 0 und d
245
0
_a
BÜYÜK OYUN
_c
BRAD THOR
260
_b
ALTIN KİTAPLAR YAYINLARI
999
_c
1227696
_d
1227696